000 00663nam a2200289Ia 4500
008 210210b2008 xxu||||| |||| 00| 0 eng d
020 _a9780071287500
041 _aeng
082 _a001.4 BORR
100 _aBORDENS (Kenneth S)
245 _aResearch design and methods: a process approach Ed 7
250 _a
260 _aNew York
_bMc Graw Hill Co.
_c2008
300 _axx-530-i-16
650 _aResearch
650 _aprocess
650 _amethods:
650 _aEd
650 _adesign
650 _aapproach
650 _aand
650 _aa
650 _a7
690 _aResearch
700 _aABBOTT (Bruce B)
906 _a066156
999 _c146572
_d146572